Integración y desarrollo (Registro nro. 165549)
[ vista simple ]
| 000 -LEADER | |
|---|---|
| fixed length control field | 01172nam a22002537a 4500 |
| 007 - PHYSICAL DESCRIPTION FIXED FIELD--GENERAL INFORMATION | |
| fixed length control field | cr|||| |||| |
| 008 - FIXED-LENGTH DATA ELEMENTS--GENERAL INFORMATION | |
| fixed length control field | 171212s2009 mx |||||s|||| 00||0 spa d |
| 020 ## - INTERNATIONAL STANDARD BOOK NUMBER | |
| International Standard Book Number | 978-607-401-116-6 |
| 035 ## - | |
| -- | 20898 |
| 040 ## - CATALOGING SOURCE | |
| Original cataloging agency | vLex |
| 090 ## - | |
| -- | 7310 |
| -- | 7310 |
| 100 1# - MAIN ENTRY--PERSONAL NAME | |
| Personal name | Pérez Fuentes, Judith |
| 245 10 - TITLE STATEMENT | |
| Title | Integración y desarrollo |
| Medium | [Recurso electrónico]: |
| Remainder of title | Buscando alternativas para América Latina / |
| Statement of responsibility, etc | Judith Pérez Fuentes |
| 256 ## - | |
| -- | Servicio en línea |
| 260 ## - PUBLICATION, DISTRIBUTION, ETC. (IMPRINT) | |
| Place of publication, distribution, etc | Ciudad de México: |
| Name of publisher, distributor, etc | Cámara de Diputados, |
| Date of publication, distribution, etc | 2009 |
| 300 ## - PHYSICAL DESCRIPTION | |
| Extent | 1 recurso electrónico |
| 506 1# - RESTRICTIONS ON ACCESS NOTE | |
| Terms governing access | Disponible solo en los productos indicados |
| Authorized users | vLex Global |
| -- | vLex Global (Academic Edition, excluding Law Schools) |
| -- | vLex Global (U.S. Academic Edition, Law Schools) |
| -- | vLex Global (U.S. Academic Edition, excluding Law Schools) |
| -- | vLex Global (Academic Edition, Law Schools) |
| 650 04 - SUBJECT ADDED ENTRY--TOPICAL TERM | |
| Topical term or geographic name as entry element | Derecho Mercantil y de la Empresa |
| Geographic subdivision | México |
| 650 04 - SUBJECT ADDED ENTRY--TOPICAL TERM | |
| Topical term or geographic name as entry element | Derecho Público y Administrativo |
| Geographic subdivision | México |
| 740 0# - | |
| -- | vLex Libros (servicio en línea) |
| 856 40 - LOCALIZACIÓN Y ACCESO ELECTRÓNICO | |
| Identificador Uniforme del Recurso (URI/URL) | https://app.vlex.com/#/sources/integracion-y-desarrollo-buscando-alternativas-para-america-latina-20898 |
| 942 ## - | |
| -- | RAA |
| 999 ## - | |
| -- | 165549 |
| -- | 165549 |
No hay ítems disponibles.